01822nam a2200277Ia 4500952010400000952010400104999001700208008004100225020001500266050001600281100002800297240006100325245017500386260003200561300003600593500006900629500002300698500004900721505058500770519006301355650003001418650002901448700002901477700003101506942000701537 00104070a11b11d2007-01-08l2oLB1045 B45p11 001212r2019-11-20s2019-11-20t1w2012-06-26yLB 00104070a11b11d2012-04-26l2oLB1045 B45p11 009521r2013-07-19s2013-07-18t2w2012-06-26yLB c68854d68854120626s1975 mx a 000 0 spa d a9682403628 aLB1045bB45 aBrown, James W. eautor aAv instruction: technology, media and methodslespañol aInstrucción audio-visualc/ James, W. Brown: Richard, B. Lewis: Fred, F. Harcleroad; traducción de Ricardo, Vinós Cruz Lópezb: Tecnología, medios y métodos  aMéxicob: Trillasc, 1975 a581 páginasb: ilustraciones  aTítulo original: Av instruction: technology, media and methods areimpresión 1990 aIncluye: Indice general, Indice alfabético aLos medios y el enfoque sistemático de la enseñanza y el aprendizaje Cómo elegir, usar y producir medios Los exhibidores y algunos fundamentos de comunicación visual Materiales gráficos Transparencias para retroproyección Imágenes fijas Cine Materiales auditivos Televisión Fotografía Cosas reales, modelos y demostraciones Recursos de la comunidad Juegos, simulaciones y dramatizaciones informales Materiales complementarios, gratuitos y baratos Materiales impresos de texto y consulta Y...¿En el futuro? Secciones de referencia aMaterial Complementario/ bPedagogía / d(11 001212)  0aMATERIALES DIDÁCTICOS  0aMATERIALES AUDIOVISUALES aLewis, Richard B.eautor aHarcleroad, Fred F.eautor cLB